| 000 | 00431nam a22001457a 4500 | ||
|---|---|---|---|
| 005 | 20150803143645.0 | ||
| 008 | 150803b xxu||||| |||| 00| 0 eng d | ||
| 040 | _cPK-LaUMT | ||
| 082 |
_aKHC 891.4393 _bNAZ-U |
||
| 100 | _aنظیرصدیقی | ||
| 245 |
_aاردو ادب کے مغربی دریچے _cنظیرصدیقی |
||
| 260 |
_aاسلام آباد _bنیشنل بک فاونڈیشن _c1983 |
||
| 300 | _a222 ص | ||
| 942 | _cBK | ||
| 999 |
_c73525 _d73525 |
||